| 000 | 01094cam a2200325 i 4500 | ||
|---|---|---|---|
| 001 | 70600 | ||
| 003 | Mx-PuUPA | ||
| 005 | 20250212130436.0 | ||
| 008 | 231002s2024 sp gr 000 0 spa d | ||
| 017 | _aGr. 624/2024 | ||
| 020 | _a9788413697987 | ||
| 040 |
_cMx-PuUPA _aMx-PuUPA _bspa _dMx-PuUPA _erda |
||
| 041 | 0 | _aspa | |
| 245 | 0 | 0 |
_aGuía Comares de Aristóteles / _cedición, Alejandro G. Vigo |
| 246 | 3 | _aAristóteles. | |
| 264 | 1 |
_aGranada : _bEditorial Comares, _c2024 |
|
| 300 |
_a266 páginas ; _c25 cm |
||
| 336 |
_2rdacontent _atexto _btxt |
||
| 337 |
_2rdamedia _asin medio _bn |
||
| 338 |
_2rdacarrier _avolumen _bnc |
||
| 490 | 0 |
_aColección Guía Comares ; _v15 |
|
| 600 | 0 | 4 |
_aAristóteles _xCrítica e interpretación |
| 600 | 0 | 4 |
_aAristóteles, 384-322 a. C. _xCrítica e interpretación |
| 650 | 7 |
_2armarc _aFilosofía griega _ySiglo IV a. C. _913986 |
|
| 700 | 1 |
_aVigo, Alejandro G., _eeditor |
|
| 942 |
_2ddc _cLI _h185 _iG94 |
||
| 999 |
_c70600 _d70600 |
||